[Event "Tournoi Skype 022B"]
[Site "Skype"]
[Date "????.??.??"]
[Round "7.3"]
[White "Ramirez Reina, Orlando"]
[Black "Borg, Anthony"]
[Result "1-0"]
[WhiteElo "1301"]
[BlackElo "1237"]
[PlyCount "63"]

1. e4 e6 2. d4 c6 3. c4 d6 4. Nf3 Nf6 5. Nc3 d5 6. e5 Ne4 7. Qc2 Bb4 8. Bd2
Nxd2 9. Qxd2 O-O 10. Be2 Bxc3 11. Qxc3 h6 12. O-O Nd7 13. Rfe1 b6 14. b3 Bb7
15. Rac1 Rc8 16. Qb2 c5 17. cxd5 cxd4 18. dxe6 fxe6 19. Nxd4 Nc5 20. Red1 Qg5
21. Bf1 Qxe5 22. Qe2 Qf6 23. Nb5 Ba6 24. Qe3 Bxb5 25. Bxb5 Rc7 26. b4 Qe7 27.
bxc5 bxc5 28. Bc4 Rf6 29. Re1 Kh8 30. Bxe6 Rc6 31. Bc4 Kh7 32. Qxe7 1-0

[Event "Tournoi Skype 022B"]
[Site "Skype"]
[Date "????.??.??"]
[Round "7.4"]
[White "Aranzubia, Desiderio"]
[Black "Meaney, Mike"]
[Result "1-0"]
[WhiteElo "1488"]
[BlackElo "1370"]
[PlyCount "63"]

1. d4 d5 2. c4 c6 3. Nc3 e6 4. cxd5 cxd5 5. Bf4 Nc6 6. e3 a6 7. Nf3 Nf6 8. a3
Bd6 9. Bg5 h6 10. Bh4 O-O 11. Bd3 Re8 12. Ne2 e5 13. dxe5 Nxe5 14. Nxe5 Bxe5
15. Qc2 Qd6 16. Bg3 Bd7 17. O-O Bc6 18. Bxe5 Qxe5 19. Nd4 Bd7 20. Rac1 Rac8 21.
Qe2 Rxc1 22. Rxc1 Ng4 23. g3 Nf6 24. Qd1 Bg4 25. Be2 Bh3 26. Bf3 Ne4 27. Qd3
Qf6 28. Rc2 Ng5 29. Bxd5 Bf5 30. Nxf5 Re5 31. Nd6 Qxd6 32. Rc8+ 1-0

[Event "Tournoi Skype 022B"]
[Site "Skype"]
[Date "????.??.??"]
[Round "7.6"]
[White "Vilone, Rino"]
[Black "Legueltel, Daniel"]
[Result "1-0"]
[WhiteElo "1400"]
[BlackElo "1684"]
[PlyCount "57"]

1. e4 d6 2. f4 g6 3. d4 Bg7 4. Nf3 Nf6 5. e5 dxe5 6. fxe5 Nd5 7. c4 Nb6 8. a4
Bg4 9. h3 Bxf3 10. gxf3 e6 11. Be3 N8d7 12. Nc3 Qe7 13. Qe2 a6 14. h4 c5 15.
Rd1 cxd4 16. Bxd4 Rc8 17. Qe4 Nc5 18. Qc2 Qc7 19. b4 Ncd7 20. f4 Nxc4 21. Ne4
O-O 22. h5 Ndb6 23. Qh2 h6 24. hxg6 fxg6 25. Nf6+ Bxf6 26. exf6 h5 27. Qg2 Kh7
28. Bd3 Qxf4 29. Qxg6+ 1-0

[Event "Tournoi Skype 022B"]
[Site "Skype"]
[Date "????.??.??"]
[Round "7.7"]
[White "Cayo, Ana Carolina"]
[Black "Lemoine, Gerard"]
[Result "0-1"]
[WhiteElo "1496"]
[BlackElo "1396"]
[PlyCount "86"]

1. d4 d5 2. Nf3 e6 3. Bf4 Bd6 4. e3 Nf6 5. Nbd2 O-O 6. Bd3 a6 7. O-O b6 8. Bxd6
Qxd6 9. Re1 a5 10. e4 Ba6 11. e5 Qb4 12. exf6 g6 13. Bxa6 Rxa6 14. Nb3 Nd7 15.
Qe2 Raa8 16. c3 Qd6 17. Ne5 Nxf6 18. Qf3 Kg7 19. Re3 Ne4 20. Rd1 f6 21. Nd3 Ng5
22. Qe2 Rae8 23. Nd2 Qd7 24. Re1 Re7 25. h4 Nf7 26. Rxe6 Qxe6 27. Qxe6 Rxe6 28.
Rxe6 Nd8 29. Re3 Kf7 30. Nf4 c6 31. c4 g5 32. hxg5 fxg5 33. Ne2 h5 34. Nc3 Kf6
35. cxd5 Kf5 36. d6 Ne6 37. d5 Nc5 38. dxc6 Ne6 39. d7 Rd8 40. Rd3 Ke5 41. Rd5+
Kf6 42. Nb5 Ke7 43. c7 Nxc7 0-1

[Event "Tournoi Skype 022B"]
[Site "Skype"]
[Date "????.??.??"]
[Round "7.8"]
[White "Malbec, Robert"]
[Black "Navghane, Rahul"]
[Result "0-1"]
[WhiteElo "1467"]
[BlackElo "1396"]
[PlyCount "74"]

1. e4 e5 2. Nf3 Nc6 3. Bc4 h6 4. c3 Nf6 5. d3 a6 6. O-O Na5 7. Nbd2 d6 8. b4
Nxc4 9. Nxc4 b5 10. Na5 c5 11. Ba3 cxb4 12. Bxb4 Qc7 13. h3 Be7 14. Re1 O-O 15.
d4 exd4 16. Nxd4 Bb7 17. Nxb7 Qxb7 18. Qf3 a5 19. Ba3 b4 20. Bb2 a4 21. cxb4
Qxb4 22. Bc3 Qc5 23. Rec1 d5 24. exd5 Nxd5 25. Bb2 Qb4 26. Bc3 Nxc3 27. Qxc3
Rac8 28. Nc6 Qxc3 29. Nxe7+ Kh7 30. Rxc3 Rxc3 31. Nd5 Rc2 32. Ne3 Rc5 33. g3
Rfc8 34. Rf1 Rc1 35. h4 Rxf1+ 36. Kxf1 Rc1+ 37. Ke2 Ra1 0-1

[Event "Tournoi Skype 022B"]
[Site "Skype"]
[Date "????.??.??"]
[Round "7.9"]
[White "Briere, Jean"]
[Black "Hernandez, George"]
[Result "1-0"]
[WhiteElo "1381"]
[BlackElo "1429"]
[PlyCount "39"]

1. e4 e5 2. Nf3 Nc6 3. Bc4 Nf6 4. Nc3 Bc5 5. d3 d6 6. Be3 Bxe3 7. fxe3 Ng4 8.
Nd5 Be6 9. Qe2 O-O 10. h3 Nf6 11. O-O Nh5 12. Qe1 Qd7 13. Qh4 Nf6 14. Nxf6+
gxf6 15. Qxf6 Bxc4 16. dxc4 Qe6 17. Qxe6 fxe6 18. a3 Kh8 19. Ng5 Rf6 20. Rxf6
1-0

[Event "Tournoi Skype 022B"]
[Site "Skype"]
[Date "????.??.??"]
[Round "7.10"]
[White "Aceituno, Stebe"]
[Black "Escudero Ocana, Francisco"]
[Result "1-0"]
[WhiteElo "1427"]
[BlackElo "1333"]
[PlyCount "99"]

1. e4 e5 2. Nf3 d6 3. Bc4 h6 4. h3 Nf6 5. Nc3 c5 6. a3 Nc6 7. O-O Be7 8. d3 Nd4
9. b4 b6 10. Bb2 O-O 11. bxc5 bxc5 12. Nd5 Be6 13. Nxf6+ Bxf6 14. Bxe6 fxe6 15.
c3 Nxf3+ 16. Qxf3 Rb8 17. Ra2 d5 18. exd5 exd5 19. d4 e4 20. Qg4 Be7 21. Bc1
Qd6 22. dxc5 Qf6 23. c6 Qxc6 24. Rc2 Qf6 25. Be3 Rb3 26. Bd4 Qf7 27. Bxa7 Rxa3
28. Bd4 Bf6 29. Rcc1 Bxd4 30. cxd4 Rd3 31. Rc8 Rxd4 32. Rxf8+ Qxf8 33. Rc1 Qf7
34. Rc8+ Kh7 35. Qe2 Qf5 36. Rc7 Rd3 37. Qb2 d4 38. Re7 Qf6 39. Rxe4 Rd1+ 40.
Kh2 d3 41. Qb3 Qd6+ 42. g3 Rc1 43. Re8 Qd4 44. Qg8+ Kg6 45. Re6+ Kf5 46. Qf7+
Qf6 47. Rxf6+ gxf6 48. Qd5+ Kg6 49. Qxd3+ Kf7 50. Qe3 1-0

[Event "Tournoi Skype 022B"]
[Site "Skype"]
[Date "????.??.??"]
[Round "7.11"]
[White "Munoz Gonzalez, Martin"]
[Black "Codina, Teresa"]
[Result "1-0"]
[WhiteElo "1406"]
[BlackElo "1236"]
[PlyCount "39"]

1. b4 d5 2. Bb2 Nf6 3. Nf3 Bg4 4. e3 e6 5. a3 a6 6. c4 c5 7. bxc5 Bxc5 8. cxd5
Qxd5 9. Bxf6 gxf6 10. Qa4+ Qc6 11. Qxg4 Nd7 12. Qg7 Rf8 13. Qxh7 O-O-O 14. Nc3
f5 15. Qh4 f6 16. Qa4 Qxa4 17. Nxa4 b5 18. Nxc5 Nxc5 19. Rc1 Rd5 20. d4 1-0

[Event "Tournoi Skype 022B"]
[Site "Skype"]
[Date "????.??.??"]
[Round "7.12"]
[White "Moumtaz, Abderrahim"]
[Black "Milanese, Serge"]
[Result "1-0"]
[WhiteElo "1338"]
[BlackElo "1400"]
[PlyCount "67"]

1. d4 Nf6 2. c4 e6 3. Nf3 Nc6 4. Nc3 Bb4 5. Bd2 Bxc3 6. Bxc3 O-O 7. e3 d6 8.
Bd3 Re8 9. O-O b6 10. e4 e5 11. d5 Nd4 12. Nxd4 exd4 13. Bxd4 Bb7 14. Re1 c6
15. Qc2 g6 16. Qc3 Nh5 17. Bc2 c5 18. Be3 Qf6 19. Qxf6 Nxf6 20. Bf4 Ba6 21. b3
b5 22. cxb5 Bxb5 23. Bxd6 c4 24. bxc4 Bxc4 25. a4 Rad8 26. Bc5 a6 27. a5 Rb8
28. Rab1 Bxd5 29. exd5 Rxe1+ 30. Rxe1 Rb5 31. Be7 Nxd5 32. Bd8 Rb8 33. Re8+ Kg7
34. Bf6+ 1-0

[Event "Tournoi Skype 022B"]
[Site "Skype"]
[Date "????.??.??"]
[Round "7.13"]
[White "Cengiz, Ali Ekber"]
[Black "Erten, Ozlem"]
[Result "0-1"]
[WhiteElo "1201"]
[BlackElo "1112"]
[PlyCount "86"]

1. e4 e5 2. Nf3 Nc6 3. Bc4 Bc5 4. c3 d6 5. d3 Nf6 6. h3 O-O 7. Nbd2 Na5 8. b4
Nxc4 9. Nxc4 Bb6 10. O-O Be6 11. Ncd2 a5 12. b5 Qd7 13. c4 c6 14. a4 cxb5 15.
Ba3 bxc4 16. Nxe5 dxe5 17. Bxf8 Kxf8 18. dxc4 Bd4 19. Rb1 Bc3 20. Nf3 Qxd1 21.
Rfxd1 Rb8 22. c5 Nxe4 23. Rdc1 Bd7 24. Ng5 Bf5 25. Nxe4 Bxe4 26. Rb3 Bb4 27. f3
Bc6 28. Rc2 Bxa4 29. Rxb4 axb4 30. Rc4 Bc6 31. Rxb4 Ra8 32. Kf2 Ra4 33. Rb1 Rc4
34. Ra1 Rxc5 35. Ra8+ Ke7 36. Ra7 Rc4 37. Ke3 Ra4 38. Rxa4 Bxa4 39. Kd3 b5 40.
Kc3 Kf6 41. g3 Kf5 42. h4 e4 43. fxe4+ Kxe4 0-1

[Event "Tournoi Skype 022B"]
[Site "Skype"]
[Date "????.??.??"]
[Round "7.14"]
[White "Duthoit, Bernard"]
[Black "Vincent, Andre"]
[Result "1/2-1/2"]
[WhiteElo "1515"]
[BlackElo "1263"]
[PlyCount "54"]

1. e4 c6 2. d4 d5 3. exd5 cxd5 4. Nf3 Nc6 5. Bb5 Bd7 6. c3 Nf6 7. Bg5 Ne4 8.
Be3 e6 9. Nbd2 Bd6 10. Nxe4 dxe4 11. Nd2 a6 12. Ba4 f5 13. Bb3 Ne7 14. Nc4 Bc7
15. O-O f4 16. Bd2 Ng6 17. Bc2 Bc6 18. Qe1 Qd5 19. Bb3 Qf5 20. Qd1 h5 21. h3
Nh4 22. Bc2 Qg5 23. g3 Nf3+ 24. Kg2 Nh4+ 25. Kg1 Nf3+ 26. Kg2 Nh4+ 27. Kg1 Nf3+
1/2-1/2

[Event "Tournoi Skype 022B"]
[Site "Skype"]
[Date "????.??.??"]
[Round "7.15"]
[White "Battaglia, Gabriele"]
[Black "Maccaferri, Massimo"]
[Result "0-1"]
[WhiteElo "1264"]
[BlackElo "1357"]
[PlyCount "70"]

1. Nf3 d5 2. g3 f6 3. Bg2 e5 4. d3 e4 5. dxe4 dxe4 6. Qxd8+ Kxd8 7. Nd4 f5 8.
O-O Nf6 9. Bg5 Be7 10. Nc3 h6 11. Bxf6 Bxf6 12. Rac1 Bxd4 13. Rcd1 c5 14. e3
Nc6 15. exd4 Nxd4 16. Ne2 f4 17. c3 fxg3 18. fxg3 Bg4 19. Rfe1 Bf3 20. cxd4 c4
21. d5 Rf8 22. Rd2 Kd7 23. Nf4 Rae8 24. Kf2 g5 25. Bh3+ Kd6 26. Ne2 e3+ 27. Kf1
exd2 28. Rb1 Be4+ 29. Kg1 Bxb1 30. Nc3 Re1+ 31. Kg2 Be4+ 32. Nxe4+ Rxe4 33. Be6
d1=Q 34. h4 Qf1+ 35. Kh2 Re2# 0-1

[Event "Tournoi Skype 022B"]
[Site "Skype"]
[Date "????.??.??"]
[Round "7.18"]
[White "Farfallini, Michel"]
[Black "Vervoort, Jean-Louis"]
[Result "0-1"]
[WhiteElo "1221"]
[BlackElo "1307"]
[PlyCount "62"]

1. d4 d5 2. c4 c6 3. Nc3 Nf6 4. Nf3 Bg4 5. Ne5 Bh5 6. Qb3 b6 7. cxd5 cxd5 8.
Qb5+ Nbd7 9. Nxd5 e6 10. Nxf6+ gxf6 11. Nxd7 Qxd7 12. Qxd7+ Kxd7 13. Bd2 Rc8
14. e4 Bd6 15. Bb5+ Ke7 16. O-O Rc7 17. Rfc1 Rhc8 18. Ba6 Rg8 19. Rxc7+ Bxc7
20. e5 fxe5 21. Bb4+ Kf6 22. Rc1 Bb8 23. dxe5+ Bxe5 24. Bc3 Bf3 25. g3 Bxc3 26.
Rxc3 Bd5 27. a3 h5 28. h4 Rg4 29. Rc7 Rd4 30. Bb7 Rd1+ 31. Kh2 Rh1# 0-1

[Event "Tournoi Skype 022B"]
[Site "Skype"]
[Date "????.??.??"]
[Round "7.19"]
[White "Sanchez Padilla, Armando Edilber"]
[Black "Douichi, Mohammed"]
[Result "1-0"]
[WhiteElo "1278"]
[BlackElo "1165"]
[PlyCount "53"]

1. e4 e5 2. d4 exd4 3. Qxd4 Nc6 4. Qe3 Nf6 5. Be2 Nd5 6. exd5+ Ne7 7. Nc3 d6 8.
Bd2 h6 9. O-O-O a6 10. Nf3 Bf5 11. Nd4 Bg6 12. g4 Qd7 13. h3 O-O-O 14. f4 Ng8
15. f5 f6 16. fxg6 Re8 17. Ne6 Be7 18. Nxg7 Rf8 19. g5 fxg5 20. Bg4 Qxg4 21.
hxg4 Nf6 22. Qa7 Nxg4 23. Qa8+ Kd7 24. Qxb7 Nf2 25. Qc6+ Kc8 26. Ne6 Rfg8 27.
Qxc7# 1-0

[Event "Tournoi Skype 022B"]
[Site "Skype"]
[Date "????.??.??"]
[Round "7.20"]
[White "Khabou, Taha"]
[Black "Torres, Vicky"]
[Result "0-1"]
[WhiteElo "1000"]
[BlackElo "1277"]
[PlyCount "32"]

1. c4 e5 2. g3 Nc6 3. Bg2 d6 4. e3 Nf6 5. Ne2 Be7 6. O-O O-O 7. b3 d5 8. cxd5
Nxd5 9. e4 Nf6 10. d3 Bg4 11. Be3 Nb4 12. d4 exd4 13. Bxd4 c6 14. Nbc3 Bh5 15.
Qd2 c5 16. Bxf6 Qxd2 0-1

[Event "Tournoi Skype 022B"]
[Site "Skype"]
[Date "????.??.??"]
[Round "7.21"]
[White "Le Bouill, Pierre"]
[Black "Lecluyse, Koenraad"]
[Result "1/2-1/2"]
[WhiteElo "1227"]
[BlackElo "1137"]
[PlyCount "69"]

1. Nf3 Nc6 2. d4 d5 3. c3 Nf6 4. Bg5 Bg4 5. h3 Bxf3 6. exf3 e6 7. Bd3 Be7 8.
Qc2 h6 9. Bxf6 Bxf6 10. Nd2 Qd6 11. c4 O-O-O 12. O-O-O Nxd4 13. c5 Qe5 14. Qa4
Nc6 15. Rde1 Qxb2+ 16. Kd1 Bg5 17. Qc2 Qf6 18. Bb5 Nd4 19. Qd3 Bxd2 20. Kxd2
Qg5+ 21. Kc3 Nf5 22. g3 Qf6+ 23. Kd2 Qb2+ 24. Kd1 Qxa2 25. Qd2 Qb1+ 26. Ke2
Qxb5+ 27. Qd3 Qxc5 28. Ra1 Nd4+ 29. Kf1 f5 30. f4 Rhe8 31. Kg2 e5 32. Rhc1 Qb6
33. Rcb1 Qc5 34. Rc1 Qb6 35. Rcb1 1/2-1/2

[Event "Tournoi Skype 022B"]
[Site "Skype"]
[Date "????.??.??"]
[Round "7.22"]
[White "Amato, Ludovica"]
[Black "Mimouni, Driss"]
[Result "1-0"]
[WhiteElo "1267"]
[BlackElo "1068"]
[PlyCount "79"]

1. e4 e5 2. Nf3 Nc6 3. Bc4 h6 4. d4 Bd6 5. O-O Nf6 6. dxe5 Nxe5 7. Nxe5 Bxe5 8.
Nc3 d6 9. h3 g5 10. Qf3 h5 11. Bxg5 h4 12. Nd5 Be6 13. Nxf6+ Bxf6 14. Bxf6 Qd7
15. Bxe6 Qxe6 16. Bxh8 O-O-O 17. Bf6 Rg8 18. b3 Rg6 19. Bxh4 Qe8 20. Rad1 Qg8
21. Rd3 Qh8 22. Qxf7 Rg8 23. Bf6 Rf8 24. Qe6+ Kb8 25. Bxh8 Rxh8 26. Re1 b6 27.
Qd5 Rc8 28. f4 c6 29. Qxd6+ Kb7 30. Qd7+ Kb8 31. e5 c5 32. e6 b5 33. e7 Rc7 34.
Qxc7+ Kxc7 35. e8=Q Kb6 36. Qd7 Ka5 37. Qxa7+ Kb4 38. Re4+ c4 39. bxc4 bxc4 40.
Qb6+ 1-0

[Event "Tournoi Skype 022B"]
[Site "Skype"]
[Date "????.??.??"]
[Round "7.23"]
[White "Baker, Abi"]
[Black "Gerbaux, Regis"]
[Result "1/2-1/2"]
[WhiteElo "1133"]
[BlackElo "1425"]
[PlyCount "124"]

1. c4 e5 2. Nc3 c6 3. g3 d5 4. cxd5 cxd5 5. Bg2 Nf6 6. Qa4+ Nc6 7. Nf3 Bd6 8.
d3 h6 9. O-O O-O 10. Qh4 Ng4 11. Qxd8 Rxd8 12. Nxd5 Be6 13. Nc3 Re8 14. Ne4 Be7
15. b3 Rad8 16. Bb2 Rd5 17. h3 Nf6 18. Nfd2 Rd7 19. Nc3 Nd4 20. e3 Nc6 21. Rae1
Rxd3 22. Bxc6 bxc6 23. Nde4 Nxe4 24. Nxe4 Bd5 25. f3 Bxe4 26. fxe4 Bc5 27. Rf3
Rd2 28. Bc3 Rxa2 29. Ref1 f6 30. b4 Bb6 31. h4 Ra3 32. Bd2 Rd3 33. Be1 c5 34.
g4 cxb4 35. Bxb4 Rxe3 36. Rxe3 Bxe3+ 37. Kg2 Re6 38. h5 Bg5 39. Bc5 a5 40. Rb1
a4 41. Rb8+ Kh7 42. Ra8 Rc6 43. Ba3 Rc4 44. Bd6 Rxe4 45. Bc5 Rxg4+ 46. Kf3 Rf4+
47. Kg3 Rc4 48. Bf8 Rc3+ 49. Kf2 Be3+ 50. Kg3 Bc5+ 51. Kg4 Bxf8 52. Rxa4 Rb3
53. Kf5 Rf3+ 54. Ke6 Bc5 55. Rc4 Bd4 56. Rc7 f5 57. Kf7 e4 58. Kf8 e3 59. Rxg7+
Bxg7+ 60. Kf7 e2 61. Ke6 e1=Q+ 62. Kf7 Qe5 1/2-1/2

[Event "Tournoi Skype 022B"]
[Site "Skype"]
[Date "????.??.??"]
[Round "7.24"]
[White "De Nobrega, George"]
[Black "Dhenain, Sebastien"]
[Result "1-0"]
[WhiteElo "1396"]
[BlackElo "1201"]
[PlyCount "45"]

1. e4 e5 2. Nf3 Nc6 3. d4 Nf6 4. Nxe5 Nxe5 5. dxe5 Nxe4 6. Qd4 Ng5 7. Nc3 Be7
8. e6 Nxe6 9. Qg4 h5 10. Qf3 Nd4 11. Qd1 Bf6 12. Be3 Qe7 13. Nd5 Qd8 14. Nxf6+
Qxf6 15. Qxd4 Qe6 16. Qxg7 Rf8 17. Be2 d5 18. O-O Bd7 19. Bxh5 O-O-O 20. Bxa7
Rg8 21. Qc3 Bc6 22. Bd4 Qh3 23. Qxh3+ 1-0

[Event "Tournoi Skype 022B"]
[Site "Skype"]
[Date "????.??.??"]
[Round "7.25"]
[White "Chothe, Siddhant"]
[Black "Hernandez Lopez, Joaquin"]
[Result "1-0"]
[WhiteElo "1193"]
[BlackElo "1318"]
[PlyCount "89"]

1. e4 g6 2. d4 Bg7 3. Nf3 d6 4. Bf4 Bg4 5. Be2 Nc6 6. c3 e6 7. h3 Bxf3 8. Bxf3
Nge7 9. Nd2 O-O 10. h4 h5 11. Qe2 f6 12. O-O-O Qe8 13. g4 e5 14. dxe5 fxe5 15.
Bg5 Nd8 16. gxh5 Ne6 17. Rdg1 Nf4 18. Bxf4 Rxf4 19. hxg6 Rf6 20. h5 Bh6 21. g7
Kf7 22. Kb1 Ng8 23. Rg6 Bxd2 24. Rxf6+ Nxf6 25. Qxd2 Kxg7 26. h6+ Kf7 27. h7
Qh8 28. Qh6 Ke7 29. Qg5 Kd7 30. Bg4+ Kc6 31. Bf5 Rg8 32. hxg8=Q Qxh1+ 33. Kc2
Nxe4 34. Qe8+ Kb6 35. Qe3+ Nc5 36. b4 Qd5 37. bxc5+ dxc5 38. Qe6+ c6 39. Qxd5
cxd5 40. Qxe5 Kc6 41. Qe6+ Kb5 42. Qxd5 b6 43. Bd3+ Ka5 44. Qc4 b5 45. Qxb5#
1-0

[Event "Tournoi Skype 022B"]
[Site "Skype"]
[Date "????.??.??"]
[Round "7.26"]
[White "Yilmazer, Seher"]
[Black "Hargez, Dany"]
[Result "0-1"]
[WhiteElo "1174"]
[BlackElo "1308"]
[PlyCount "88"]

1. e4 e5 2. Bc4 Nf6 3. d4 Nxe4 4. dxe5 Bc5 5. Be3 Bxe3 6. fxe3 Qh4+ 7. g3 Nxg3
8. Qd5 Nxh1+ 9. Kd2 Qf2+ 10. Kd3 O-O 11. Nd2 d6 12. Rf1 Bf5+ 13. Kc3 Qxe3+ 14.
Kb4 Qb6+ 15. Qb5 c5+ 16. Ka4 Bxc2+ 17. b3 Qc7 18. exd6 Qc8 19. Ngf3 Nd7 20.
Rxh1 a6 21. Qa5 b6 22. Qc3 Bg6 23. b4 b5+ 24. Kb3 bxc4+ 25. Kxc4 Nb6+ 26. Kb3
Nd5 27. Qxc5 Qe6 28. Re1 Qf5 29. Qc6 Qd3+ 30. Ka4 Nxb4 31. Ne5 Nxc6 32. Nxd3
Bxd3 33. Rc1 Bb5+ 34. Ka3 Rac8 35. Ne4 Rfe8 36. Nc5 Na5 37. d7 Nc4+ 38. Kb4
Bxd7 39. Nxd7 Re4 40. Nb6 Rb8 41. Kc5 Nxb6 42. Kc6 Re6+ 43. Kc7 Rc8+ 44. Kb7
Rxc1 0-1

[Event "Tournoi Skype 022B"]
[Site "Skype"]
[Date "????.??.??"]
[Round "7.27"]
[White "Bustos, Ricardo"]
[Black "Bacha, Mehdi"]
[Result "0-1"]
[WhiteElo "1250"]
[BlackElo "1173"]
[PlyCount "42"]

1. d4 d5 2. Nf3 e6 3. c4 Nf6 4. Nc3 c6 5. e3 Nbd7 6. Bd3 Be7 7. O-O O-O 8. a3
b6 9. b4 Qc7 10. Qc2 e5 11. dxe5 Nxe5 12. Nxe5 Qxe5 13. Bb2 Bd6 14. g3 Bh3 15.
Ne4 Qe7 16. cxd5 Bxf1 17. Rxf1 Nxd5 18. Nxd6 Qxd6 19. Bxh7+ Kh8 20. Bf5 Ne7 21.
Qc3 Nxf5 0-1

[Event "Tournoi Skype 022B"]
[Site "Skype"]
[Date "????.??.??"]
[Round "7.28"]
[White "Porcabeuf, Jean-Marc"]
[Black "Marty, Yvette"]
[Result "1-0"]
[WhiteElo "1224"]
[BlackElo "1000"]
[PlyCount "39"]

1. d4 d5 2. e3 e6 3. Nf3 c5 4. c3 Nc6 5. Be2 cxd4 6. cxd4 Be7 7. O-O Nf6 8. Nc3
O-O 9. Re1 Bb4 10. Bd3 Bd6 11. e4 Nb4 12. Bb1 Nxe4 13. Nxe4 dxe4 14. Bxe4 g6
15. Bg5 Qd7 16. a3 Nc6 17. Bf6 Qc7 18. Qd2 Bxh2+ 19. Nxh2 Re8 20. Qh6 1-0

[Event "Tournoi Skype 022B"]
[Site "Skype"]
[Date "????.??.??"]
[Round "7.29"]
[White "Castellano Ayala, Pedro Jose"]
[Black "Bouffard, Georges"]
[Result "0-1"]
[WhiteElo "1000"]
[BlackElo "1251"]
[PlyCount "52"]

1. d4 d5 2. e3 Nf6 3. Bd3 Bg4 4. f3 Bh5 5. Nd2 e6 6. a3 Bd6 7. Ne2 Nbd7 8. f4
Bg6 9. Nf1 Be4 10. Bxe4 Nxe4 11. Nfg3 Qh4 12. O-O f5 13. Bd2 Qh6 14. Nxe4 dxe4
15. Ng3 O-O 16. Qe2 c6 17. Rf2 Nf6 18. h3 Rac8 19. c4 c5 20. d5 g6 21. Bc3 Qg7
22. Rd1 Rcd8 23. Rd2 Qe7 24. h4 e5 25. h5 Ng4 26. Rf1 Qh4 0-1

[Event "Tournoi Skype 022B"]
[Site "Skype"]
[Date "????.??.??"]
[Round "7.30"]
[White "Tekes, Gamze"]
[Black "Barrionuevo, Hilario"]
[Result "0-1"]
[WhiteElo "1016"]
[BlackElo "1000"]
[PlyCount "56"]

1. e4 e5 2. Nc3 d6 3. Nf3 Nc6 4. Bb5 a6 5. Ba4 Bd7 6. d3 g6 7. Bg5 Be7 8. Nd5
h6 9. Bh4 Nf6 10. Ne3 O-O 11. Bb3 Nd4 12. Bg5 Bg4 13. h3 Bxf3 14. gxf3 hxg5 15.
h4 Nh5 16. Qd2 Nxf3+ 17. Ke2 Nxd2 18. Kxd2 gxh4 19. Ng4 Bg5+ 20. Kc3 c5 21.
Rag1 Qa5+ 22. Kc4 Rad8 23. d4 exd4 24. f4 Qb4+ 25. Kd3 Bxf4 26. c3 Qb5+ 27. c4
Qb4 28. a3 Qd2# 0-1